|
|
|
|
| LEADER |
01790njm a2200361 a 4500 |
| 001 |
000264897 |
| 003 |
CZ BrMZK |
| 005 |
19950101143423.0 |
| 008 |
950101s1994 xr f eng d |
| 028 |
0 |
3 |
|a 11 0615-2 011
|b Supraphon
|
| 040 |
|
|
|a BOA001
|b cze
|
| 080 |
|
|
|a 786.1:785.6(086.7)
|2 MRF
|
| 100 |
1 |
|
|a Bach, Johann Sebastian,
|d 1685-1750
|7 jn19990000367
|4 cmp
|
| 245 |
1 |
0 |
|a Harpsichord Concertos in D minor, A major, F major
|h [zvukový záznam] /
|c Johann Sebastian Bach.
|
| 246 |
3 |
3 |
|a Concerto no. 4 in A major for harpsichord and string orchestra, BWV 1055
|
| 246 |
3 |
3 |
|a Concerto no. 6 in F major for harpsichord, 2 recorders and string orchestra, BWV 1057
|
| 246 |
3 |
3 |
|a Concerto no. 1 in D minor for harpsichord and string orchestra, BWV 1052
|
| 260 |
|
|
|a Praha :
|b Supraphon,
|c p1966, p1967, p1968, 1988
|
| 300 |
|
|
|a 1 CD :
|b ADD ;
|c 12 cm +
|e 1 brožura [8 s.].
|
| 306 |
|
|
|a 010136
|
| 500 |
|
|
|a Nahr. 1963, 1966, 1968
|
| 500 |
|
|
|a Durata 61:36
|
| 500 |
|
|
|a Text v brožuře vícejaz.
|
| 505 |
0 |
|
|a Concerto No.1 in D minor for Harpsichord and String Orchestra, BWV 1052, Concerto No.4 in A major for Harpsichord and String Orchestra, BWV 1055, Concerto No.6 in F major for Harpsichord, 2 Recorders and String Orchestra, BWV 1057.
|
| 511 |
0 |
|
|a Zuzana Růžičková, cembalo. Pražští komorní sólisté, řídí Václav Neumann
|
| 653 |
0 |
|
|a barokní hudba
|a cembalové koncerty
|
| 700 |
1 |
|
|a Neumann, Václav,
|d 1920-1995
|7 jn19990209586
|4 cnd
|
| 700 |
1 |
|
|a Růžičková, Zuzana,
|d 1927-2017
|7 jn19981002104
|4 prf
|
| 710 |
2 |
|
|a Pražští komorní sólisté
|7 ko2004252704
|
| 910 |
|
|
|a BOA001
|b CD-0000.046
|
| 964 |
|
|
|a Cembalo a orchestr
|x koncerty
|x CD
|
| 990 |
|
|
|a AV
|
| 996 |
6 |
|
|b 261H000046
|c CD-0000.046
|l MZK
|r Sklad / do 24 hodin
|n 0
|w 000264897
|u 000010
|a 1
|e BOA001
|j MZK50
|s P
|